Luật tục Mường

Nội dung sách giới thiệu khái quát về luật tục Mường, các bộ luật tục Mường, luật tục về ứng xử với thiên nhiên môi trường, luật tục về hôn nhân và gia đình, luật tục về ứng xử giữa các thành viên trong cộng đồng.......

Full beskrivning

Sparad:
Bibliografiska uppgifter
Materialtyp: Bok
Språk:Undetermined
Publicerad: Hà Nội Hội nhà văn 2016
Ämnen:
Taggar: Lägg till en tagg
Inga taggar, Lägg till första taggen!
Thư viện lưu trữ: Trung tâm Học liệu Trường Đại học Cần Thơ
LEADER 00938nam a2200193Ia 4500
001 CTU_225896
008 210402s9999 xx 000 0 und d
082 |a 390.09597 
082 |b L504 
245 0 |a Luật tục Mường 
245 0 |c Cao Sơn Hải (sưu tầm, biên dịch, khảo cứu) 
260 |a Hà Nội 
260 |b Hội nhà văn 
260 |c 2016 
520 |a Nội dung sách giới thiệu khái quát về luật tục Mường, các bộ luật tục Mường, luật tục về ứng xử với thiên nhiên môi trường, luật tục về hôn nhân và gia đình, luật tục về ứng xử giữa các thành viên trong cộng đồng.... 
650 |a Phong tục tập quán,Manners and customs 
650 |z Việt Nam,Vietnam 
910 |b dqhieu 
980 |a Trung tâm Học liệu Trường Đại học Cần Thơ